000 00612cam a22002291 4500
001 sa 67006989
003 DLC
005 20260227112412.0
008 890403s1967 xx 000 0 hinr
010 _asa 67006989
035 _a(OCoLC)23565636
040 _aDLC
_cMiU
_dDLC
042 _apremarc
043 _aa-ii---
050 0 0 _aDS485.K2
_bB445
100 1 _aBhaṭṭācārya, Buddhadeba.
245 1 0 _aBhūsvarga Kāśmīra.
260 _a[n.p.
_c1967]
300 _a8, 216 p.
_billus., maps, port.
_c23 cm.
500 _aRomanized.
651 0 _aJammu and Kashmir (India)
_xDescription and travel.
999 _c76271
_d76271